00000000nam##2200000za#4500
0019.688544
003CaOODSP
00520210624231457
007cr |||||||||||
008150407|2006||||xxc|||||o    f|0| 0 eng|d
020 |a0-662-43632-6
040 |aCaOODSP|beng
043 |an-cn---
0861 |aM4-41/2006E-PDF
1101 |aCanada. |bNatural Resources Canada.
24510|aFirst progress update - Memorandum of Understanding Respecting Automobile Greenhouse Gas Emissions / |h[electronic resource]|cprepared by the Joint Government - Industry Greenhouse Gas (GHG) Memorandum of Understanding (MOU)Committee ; in collaboration with Canadian Vehicle Manufacturers' Association and Association of International Automobile Manufacturers of Canada.
260 |aOttawa - Ontario : |bNatural Resources Canada |cJune 2006.
300 |a30p.|bgraph
590 |a13-05-Supp|b2013-02-27
69007|aGreenhouse gases|2gcpds
77508|tPremier bilan des progrès réalisés - Protocole d'entente portant sur les émissions de gaz à effet de serre des véhicules / |w(CaOODSP)9.632969
85640|ahttp://publications.gc.ca|qPDF|s1.04 MB|uhttps://publications.gc.ca/collections/collection_2013/rncan-nrcan/M4-41-2006-eng.pdf